| 000 | 00638nam a2200217Ia 4500 | ||
|---|---|---|---|
| 003 | OSt | ||
| 005 | 20220926013034.0 | ||
| 006 | a|||||r|||| 00| 0 | ||
| 007 | ta | ||
| 008 | 220923b |||||||| |||| 00| 0 eng d | ||
| 037 | _cGeneral Book | ||
| 040 |
_aRTL _cRTL _beng |
||
| 041 |
_2eng _aeng |
||
| 082 | _aY:1.73.N40<--M90, L0 | ||
| 100 |
_aOstrander Gilman M _9317756 |
||
| 245 | 0 | _aAmerican civilization in the first machine age, 1890-1940 | |
| 260 |
_aNew York _bHarper and Row _c1970 |
||
| 300 |
_a414p _ccm. |
||
| 942 |
_hY:1.73.N40<--M90, L0 _cGB _2CC |
||
| 999 |
_c625034 _d625034 |
||